| 000 | 00685nam a22001697a 4500 | ||
|---|---|---|---|
| 005 | 20251108165158.0 | ||
| 008 | 250721s1997 xx 000 0 ara d | ||
| 082 | 1 | 4 | _a331.88107/مرك |
| 111 | 2 | _aحلقة نقاش قراءة مشروع قانون نقابة الصحفيين | |
| 245 | 1 | 0 | _aقراءة في مشروع قانون نقابة الصحفيين الاردنيين / |
| 264 | 1 |
_aعمان : _bمركز الريادة للمعلومات و الدراسات، _c1997. |
|
| 300 | _a67ص. | ||
| 490 | 0 |
_aسلسلة المجتمع المدني و حقوق الأنسان _v3 |
|
| 650 | 1 | 7 | _aنقابة الصحفيين الأردنيين |
| 942 |
_2ddc _cBK |
||
| 999 |
_c21405 _d21405 |
||